000 00480nam a22001937a 4500
003 MPLRDC
005 20220104183917.0
008 210129b ||||| |||| 00| 0 eng d
020 _a957-33-2043-6
082 _a857.621 ZC-2
100 _a张草
245 _a很饿
_c
250 _a初版
260 _a台湾
_b皇冠文化出版有限公司
_c2004
300 _b
490 _a皇冠丛书:第3361钟; JOY. 46
650 _a科幻小说
942 _cBK
_o857.621 ZC-2
999 _c62619
_d62609